000 00654cam a2200205 a 4500
001 000018768
005 20200929165844.0
008 790620s1968 ec 000 f spa d
040 _aDO-SdBNP
_cNSbSU
_dDLC
_dBNPHU
042 _apremarc
082 _aE863.4
_bD687h
100 1 _aDonoso Pareja, Miguel,
_d1931-
_923191
245 1 3 _aEl hombre que mataba a sus hijos /
_cMiguel Donoso Pareja.
260 _aQuito :
_bCasa de la Cultura Eduatoriana,
_c1968.
300 _a123, [124-125] p. ;
_c18 cm.
650 4 _aNovela ecuatoriana
_95017
650 4 _aLiteratura ecuatoriana
_ySIGLO XX
_914420
910 _aCatalogación derivada / LC
049 _aBNGR
999 _c18288
_d18288